000 00569nam a22001817a 4500
005 20251108164218.0
008 250721s1991 xx 000 0 ara d
082 1 4 _a343.109565/نجم
100 1 _aنجم، محمد صبحي
245 1 0 _aالوجيز في قانون أصول المحاكمات الجزائية الأردني /
264 1 _aعمان :
_bمكتبة دار الثقافه،
_c1991.
300 _a408ص.
650 1 7 _aالقانون الجنائي
650 1 7 _aالمحاكمات
650 1 7 _aالأردن
942 _2ddc
_cBK
999 _c6497
_d6497